| 000 | 00000nam##2200000za#4500 |
| 001 | 9.686295 |
| 003 | CaOODSP |
| 005 | 20210624230454 |
| 007 | cr ||||||||||| |
| 008 | 150407|2002||||xxc|||||o f|0| 0 eng|d |
| 020 | |a0-662-32079-4 |
| 040 | |aCaOODSP|beng |
| 043 | |an-cn--- |
| 086 | 1 |aA22-252/2002E-IN |
| 110 | 1 |aCanada. |bAgriculture and Agri-Food Canada. |
| 245 | 10|aFarm cost allocation based on the Maximum Entropy methodology : |h[electronic resource]|bthe case of Saskatchewan crop farms / |c[by] Ludo Peeters and Yves Surry. |
| 260 | |aOttawa - Ontario : |bAgriculture and Agri-Food Canada |c[2002]. |
| 300 | |a64p.|breferences, tables |
| 500 | |aHistorical publication digitized by Agriculture and Agri-Food Canada. "Project 02-011-tp". |
| 590 | |a13-17-Supp|b2013-07-25 |
| 690 | 07|aAgricultural economics|2gcpds |
| 690 | 07|aBudget planning|2gcpds |
| 690 | 07|aFarming|2gcpds |
| 856 | 40|ahttp://publications.gc.ca|qPDF|s2.98 MB|uhttps://publications.gc.ca/collections/collection_2013/aac-aafc/agrhist/A22-252-2002-eng.pdf |
| 986 | |a2121 |